LEADER 00875nam a2200217 i 4500 001 000000192934 003 CaOOAMICUS 005 20101006000000.0 008 101006s1980 it u000 u ita u 013 $a171572 040 $aSeMil$bita 100 1 $aRaho, Salvatore.$0(OLS)http://semarc/name/70309 245 10$aEdoardo Poppe e la pedagogia del soprannaturale /$cSalvatore Raho. 260 $aRoma :$bCentro Don Poppe,$c1980. 300 $a270 p., [4] p. di tav. ;$c21 cm. 500 $aContiene : Appendice ; Bibliografia. 650 4$aPoppe, Edoardo.$0(OLS)http://semarc/subject/20006 850 $aSeMil 852 $aSeMil$W1$xVenegono$y1$m3J III 204$j143508$B143508$CSeMilBibl$Z2$F155001 $81 996 $6245$aEdoardo Poppe e la pedagogia del soprannaturale$9(OLS)http://semarc/title/278126 996 $6260$aRoma :$bCentro Don Poppe$9(OLS)http://semarc/publisher/48609 LEADER 01252nam a2200265 i 4500 001 000000117053 003 CaOOAMICUS 005 20030709000000.0 008 030709s1994 cs u000 u und u 013 $a89742 040 $aSeMil$bita 100 1 $aMartini, Carlo Maria,$c.$0(OLS)http://semarc/name/89159 240 00$aVytrvali Jste se mnou v mých zkouskách.$0(OLS)http://semarc/title/171769 245 10$aVytrvali Jste se mnou v mých zkou?kách :$buvahy o jóbovi /$cCarlo Maria Martini. 260 $aBrno :$bCDK,$c1994. 300 $a133 p. ;$c20 cm. 500 $aTitolo originale, tratto dall'ultima pagina: "Avete perseverato con me nelle mie prove". - Fondo Card. C.M. Martini. 650 4$aSofferenza - Spiritualitŕ.$0(OLS)http://semarc/subject/15018 650 4$aBibbia. Antico Testamento. Giobbe - Meditazioni.$0(OLS)http://semarc/subject/21627 850 $aSeMil 852 $aSeMil$W1$xVenegono$y1$m2F II 484$j72453$B72453$CSeMilBibl$Z2$F89902 $81 941 1 $a4 961 $aOmaggio: Martini Card. Carlo Maria 996 $6245$aVytrvali Jste se mnou v mých zkou?kách :$buvahy o jóbovi$9(OLS)http://semarc/title/171770 996 $6260$aBrno :$bCDK$9(OLS)http://semarc/publisher/45624